00315nam a2200109Ia 4500008004100000041000800041082001500049100001600064245008000080260003300160300001200193231228s1995 xx 000 0 und d aeng a658.4bPLE aPLENERT (G) aWorld Class Manager: Olympic Quality Performance in the New Global Economy. aNew DelhibPRIMA PUB Ac1995 aXVI,429